Second National Building Maintenance Conference: papers ... Sponsored jointly by the Ministry of Publib Building and Works and the journal Building Maintenance ... held at the Royal Lancaster Hotel, London on 25th, 26th and 27th November 1969. (Record no. 93391)

MARC details
000 -LEADER
fixed length control field 00934cam a2200241 4500
001 - CONTROL NUMBER
control field J3271
008 - FIXED-LENGTH DATA ELEMENTS--GENERAL INFORMATION
fixed length control field 090401t1970 xxu||||| |||| 00| 0 eng d
035 ## - SYSTEM CONTROL NUMBER
System control number (Sirsi) u54012
041 ## - LANGUAGE CODE
Language code of text/sound track or separate title eng
050 ## - LIBRARY OF CONGRESS CALL NUMBER
Classification number 690.24
110 ## - MAIN ENTRY--CORPORATE NAME
Corporate name or jurisdiction name as entry element Ministry of Public Building and Works
9 (RLIN) 592
245 ## - TITLE STATEMENT
Title Second National Building Maintenance Conference: papers ... Sponsored jointly by the Ministry of Publib Building and Works and the journal Building Maintenance ... held at the Royal Lancaster Hotel, London on 25th, 26th and 27th November 1969.
260 ## - PUBLICATION, DISTRIBUTION, ETC.
Place of publication, distribution, etc. London
Name of publisher, distributor, etc. Ministry of Public Building and Works
Date of publication, distribution, etc. 1970
300 ## - PHYSICAL DESCRIPTION
Extent v,248p. ; 30cm.
350 ## - PRICE (NR) (BK AM CF MU VM SE) [OBSOLETE]
Price 0
490 ## - SERIES STATEMENT
Series statement R & D Paper
650 ## - SUBJECT ADDED ENTRY--TOPICAL TERM
Topical term or geographic name entry element BUILT ENVIRONMENT-BUILDING MAINTENANCE AND REFURBISHMENT
650 ## - SUBJECT ADDED ENTRY--TOPICAL TERM
Topical term or geographic name entry element CONFERENCES
650 ## - SUBJECT ADDED ENTRY--TOPICAL TERM
Topical term or geographic name entry element NATIONAL BUILDING MAINTENANCE CONFERENCE
690 ## - LOCAL SUBJECT ADDED ENTRY--TOPICAL TERM (OCLC, RLIN)
Topical term or geographic name as entry element BUILDING AND CONSTRUCTION-REPAIRS AND MAINTENANCE
942 ## - ADDED ENTRY ELEMENTS (KOHA)
Suppress in OPAC 0
948 ## - LOCAL PROCESSING INFORMATION (OCLC); SERIES PART DESIGNATOR (RLIN)
c (OCLC) 04/03/1997
Holdings
Withdrawn status Lost status Source of classification or shelving scheme Damaged status Not for loan Home library Current library Shelving location Date acquired Total Checkouts Full call number Barcode Date last seen Copy number Price effective from Koha item type
    Dewey Decimal Classification     London London Basement 03/10/1995   SHELF 323 30046614 06/08/2019 1 06/08/2019 Book